000 00563nam a2200229Ia 4500
003 OSt
005 20220918180618.0
006 a|||||r|||| 00| 0
007 ta
008 220917b |||||||| |||| 00| 0 eng d
024 _a23,137
037 _cTextual
040 _aARTS
_cARTS
_beng
041 _2eng
_aeng
082 _aO:3N292:1, L1
100 _aDeighton Len
_916288
245 0 _aDeclarations of war
260 _c1971
650 _aENGLISH LITERATURE
942 _hO:3N292:1, L1
_cTEXL
_2CC
999 _c162254
_d162254